Des origines du premier Duché d'Aquitaine / (Record no. 161970)

MARC details
000 -LEADER
campo de control de longitud fija 00589nam a22001695i 4500
001 - NÚMERO DE CONTROL
campo de control 161970
003 - IDENTIFICADOR DE NÚMERO DE CONTROL
campo de control ES-MaACL
005 - FECHA Y HORA DE LA ÚLTIMA TRANSACCIÓN
campo de control 20230906212409.0
008 - DATOS DE LONGITUD FIJA--INFORMACIÓN GENERAL
campo de control de longitud fija 041026s1881 fr |||| | fre d
040 ## - FUENTE DE CATALOGACIÓN
Centro catalogador/agencia de origen CAM
Lengua de catalogación spa
Centro/agencia transcriptor CAM
100 1# - ENTRADA PRINCIPAL--NOMBRE DE PERSONA
Nombre de persona Perroud, Claude.
9 (RLIN) 91380
245 10 - MENCIÓN DEL TÍTULO
Título Des origines du premier Duché d'Aquitaine /
Mención de responsabilidad, etc. par Cl. Perroud.
260 ## - PUBLICACIÓN, DISTRIBUCIÓN, ETC.
Lugar de publicación, distribución, etc. Paris :
Nombre del editor, distribuidor, etc. Librairie Hachette et C.,
Fecha de publicación, distribución, etc. 1881 (
Fabricante Imprimerie Marchessou Fils)
300 ## - DESCRIPCIÓN FÍSICA
Extensión 287 p. ;
Dimensiones 22 cm.
610 24 - PUNTO DE ACCESO ADICIONAL DE MATERIA--NOMBRE DE ENTIDAD CORPORATIVA
Nombre de entidad corporativa o nombre de jurisdicción como elemento de entrada Ducado de Aquitania-
Subdivisión general Historia.
9 (RLIN) 134338
852 ## - LOCALIZACIÓN
Ubicación ES-MaACL
Número de control de estantería B-1007
Nota libre -- Enc. hol., conservando la cub. original
Holdings
Estatus retirado Estado de pérdida Estado de daño No para préstamo Colección Biblioteca de origen Biblioteca actual Ubicación en estantería Fecha de adquisición Fuente de adquisición Total de préstamos Signatura topográfica completa Código de barras Visto por última vez Precio de reemplazo Tipo de ítem Koha
        Libros del s. XIX Biblioteca del Ateneo de Madrid Biblioteca del Ateneo de Madrid Sala Pardo Bazán 17/01/2008     B-1007 1169669 23/02/2023 23/02/2023 Libro impreso antiguo